000 00792cab a2200229 4500
001 ABS45339
008 090401t1991 xxu||||| |||| 00| 0 eng d
035 _a(Sirsi) u52437
041 _aeng
100 _aKitchen, S.
245 _aFinding your own level
260 _c1991
350 _a0
490 _aBuilding
_v256(7718) 25 October 1991, 19-21(3)
520 _aDescribes National Vocational Qualifications with particular reference to the construction industry. Includes a glossary of jargon and a discussion of the five level framework.
650 _aCONSTRUCTION INDUSTRY
650 _aCAREERS, EDUCATION AND TRAINING
650 _aNATIONAL VOCATIONAL QUALIFICATIONS
690 _aMANAGEMENT-BUSINESS MANAGEMENT-PROFESSIONAL PRACTICE
942 _n0
948 _c04/03/1997
999 _c32486
_d32486